Đồng bằng sông Cửu Long trên đường phát triển : Tiềm năng và lợi thế
Tổng quan về tiềm năng, kinh tế, văn hoá, xã hội, lợi thế, xu hướng phát triển của vùng đất đồng bằng sông Cửu Long
Αποθηκεύτηκε σε:
| Κύριος συγγραφέας: | |
|---|---|
| Μορφή: | Βιβλίο |
| Γλώσσα: | Undetermined |
| Έκδοση: |
Hà Nội
Chính trị Quốc gia
2007
|
| Θέματα: | |
| Ετικέτες: |
Προσθήκη ετικέτας
Δεν υπάρχουν, Καταχωρήστε ετικέτα πρώτοι!
|
| Thư viện lưu trữ: | Trung tâm Học liệu Trường Đại học Cần Thơ |
|---|
| LEADER | 00989nam a2200229Ia 4500 | ||
|---|---|---|---|
| 001 | CTU_148242 | ||
| 008 | 210402s9999 xx 000 0 und d | ||
| 020 | |c 25000 | ||
| 082 | |a 330.95978 | ||
| 082 | |b T550 | ||
| 100 | |a Trần, Văn Tư | ||
| 245 | 0 | |a Đồng bằng sông Cửu Long trên đường phát triển : | |
| 245 | 0 | |b Tiềm năng và lợi thế | |
| 245 | 0 | |c Trần Văn Tư | |
| 260 | |a Hà Nội | ||
| 260 | |b Chính trị Quốc gia | ||
| 260 | |c 2007 | ||
| 520 | |a Tổng quan về tiềm năng, kinh tế, văn hoá, xã hội, lợi thế, xu hướng phát triển của vùng đất đồng bằng sông Cửu Long | ||
| 650 | |a Mekong River Delta (Vietnam and Cambodia),Đồng bằng sông Mêkông ( Việt Nam và Campuchia) | ||
| 650 | |x Economic geography,Địa lý kinh tế | ||
| 904 | |i Trọng Hiếu | ||
| 980 | |a Trung tâm Học liệu Trường Đại học Cần Thơ | ||